Pays en Countryball #3 - Statistiques

Statistiques générales
  • Ce quiz a été pris 38 fois
  • Le résultat moyen est 11 sur 16
Statistiques - réponses
Par images Réponse % Correct
Canada
94%
Egypte
94%
Kenya
94%
Tunisie
94%
Barbade
91%
Roumanie
91%
Danemark
88%
Mongolie
88%
Liechtenstein
85%
Ghana
82%
Mozambique
76%
Lettonie
74%
Pologne
50%
Somaliland
15%
Grand duché de Toscane
9%
Hedjaz
6%
Aucun quiz correspondant
Distribution des résultats
% des personnes avec chaque résultat
Percentile par nombre de réponses
Votre historique - résultats
Vous n’avez pas pris ce quiz